Loading...
| History - American | 0 | 11 | 0 | 0 | 110 | 30 | 84.45 | 5 | 10 | 0.00 | 0.00 |
| Literature - American | 0 | 8 | 0 | 0 | 80 | 102 | 119.50 | 0 | 5 | 0.00 | 0.00 |
| History - World | 0 | 8 | 1 | 0 | 75 | 45 | 84.00 | 0 | 4 | 0.00 | 0.00 |
| Literature - World | 0 | 7 | 0 | 0 | 70 | 82 | 120.00 | 0 | 0 | 0.00 | 0.00 |
| Mythology | 0 | 7 | 1 | 3 | 65 | 39 | 111.14 | 0 | 2 | 0.00 | 0.00 |
| History - Other | 0 | 7 | 1 | 0 | 65 | 79 | 98.00 | 1 | 3 | 0.00 | 0.00 |
| History - European | 0 | 6 | 1 | 1 | 55 | 49 | 85.83 | 0 | 2 | 0.00 | 0.00 |
| Fine Arts - Painting and Sculpture | 0 | 4 | 1 | 0 | 35 | 83 | 118.75 | 0 | 1 | 0.00 | 0.00 |
| Geography | 0 | 3 | 0 | 1 | 30 | 58 | 87.67 | 1 | 1 | 0.00 | 0.00 |
| Philosophy | 0 | 3 | 0 | 2 | 30 | 118 | 121.33 | 0 | 0 | 0.00 | 0.00 |
| Fine Arts - Other | 0 | 3 | 0 | 0 | 30 | 83 | 101.00 | 1 | 1 | 0.00 | 0.00 |
| Fine Arts - Classical Music | 0 | 3 | 1 | 2 | 25 | 127 | 131.67 | 0 | 0 | 0.00 | 0.00 |
| Social Science | 0 | 3 | 2 | 1 | 20 | 80 | 101.33 | 1 | 1 | 0.00 | 0.00 |
| Literature - British | 0 | 2 | 0 | 1 | 20 | 94 | 124.50 | 0 | 0 | 0.00 | 0.00 |
| Literature - European | 0 | 2 | 0 | 0 | 20 | 127 | 131.50 | 0 | 0 | 0.00 | 0.00 |
| Pop Culture | 0 | 2 | 0 | 0 | 20 | 68 | 102.00 | 0 | 1 | 0.00 | 0.00 |
| Science - Biology | 0 | 2 | 0 | 0 | 20 | 108 | 119.50 | 0 | 0 | 0.00 | 0.00 |
| Current Events | 0 | 2 | 0 | 0 | 20 | 40 | 58.00 | 1 | 2 | 0.00 | 0.00 |
| Science - Physics | 0 | 1 | 0 | 1 | 10 | 129 | 129.00 | 0 | 0 | 0.00 | 0.00 |
| Science - Chemistry | 0 | 1 | 0 | 1 | 10 | 115 | 115.00 | 0 | 0 | 0.00 | 0.00 |
| Science - Other | 0 | 1 | 0 | 1 | 10 | 122 | 122.00 | 0 | 0 | 0.00 | 0.00 |
| Religion | 0 | 1 | 2 | 0 | 0 | 117 | 117.00 | 0 | 0 | 0.00 | 0.00 |
| Other Academic | 0 | 0 | 1 | 0 | -5 | 0.00 | 0 | 0 | 0.00 | 0.00 |